Na Slovensku dochádza k prolongácii podpory doplatkom pre výrobcov elektriny z OZE

Podstata prolongácie, repoweringu a predĺženej podpory (Zákon o podpore obnoviteľných zdrojov energie). Novela zákona č. 309/2009 Z. z. o podpore obnoviteľných zdrojov energie a vysoko účinnej kombinovanej výroby. Povinnosť vs. dobrovoľnosť prolongácie podpory doplatkom. Výnimka z povinnej prolongác...

ver descrição completa

Na minha lista:
Detalhes bibliográficos
Autor principal: Hudák, Jozef
Outros Autores: Sivčáková, Nikoleta
Formato: Capítulo de Livro
Idioma:eslovaco
Assuntos:
Tags: Adicionar Tag
Sem tags, seja o primeiro a adicionar uma tag!

MARC

LEADER 00000naa a2200000 4500
001 0278680
005 20210923105630.3
041 0 |a slo 
044 |a CZ 
245 1 0 |a Na Slovensku dochádza k prolongácii podpory doplatkom pre výrobcov elektriny z OZE  |c Jozef Hudák, Nikoleta Sivčáková 
520 |a Podstata prolongácie, repoweringu a predĺženej podpory (Zákon o podpore obnoviteľných zdrojov energie). Novela zákona č. 309/2009 Z. z. o podpore obnoviteľných zdrojov energie a vysoko účinnej kombinovanej výroby. Povinnosť vs. dobrovoľnosť prolongácie podpory doplatkom. Výnimka z povinnej prolongácie podpory doplatkom. Výpočet zníženej ceny elektriny. 
610 2 0 |a energia 
610 2 0 |a zdroje energie obnoviteľné 
610 2 0 |a legislatíva 
610 2 0 |a novelizácia 
610 2 0 |a Slovensko 
100 1 |a Hudák, Jozef 
700 1 |a Sivčáková, Nikoleta